00607nam a22001697a 450000500170000001000130001702000090003003500130003903700090005208200080006110000390006924501250010824600850023326000370031827000600035530000220041520191204152336.0 aA-586617 cN.A. aA-586617 bBPPD a270 aميتا ممتا پر و ا نہ  aکر بلا کے بعد قا تلا ن حسين کا عبر ت نا ک ا نجا م cپر و ا نہ ر د و لو ی  aKarbala ke Baad Qatilan Hussain ka Ibrat Naak Anjam (Urdu)bby Parvana Radolvi  aN.DelhibParvana Radolvi cN.A. a165,Houz Rani Malviya Nagar ,bN.Delhie110017k6452539 a120 صc22 cm(hb)